Statistics for The 1975 - The Sound Lyrics

Click here to take the quiz!

General Stats

  • This quiz has been taken 38 times
  • The average score is 414 of 441

Answer Stats

Answer% Correct
a
100%
A
100%
around
100%
cause
100%
Cause
100%
heart
100%
I
100%
know
100%
so
100%
So
100%
sound
100%
the
100%
when
100%
you?
100%
you
100%
your
100%
you're
100%
You're
100%
of
96%
we
96%
baby
92%
can't
92%
don't
92%
if
92%
I'm
92%
lie
92%
love
92%
Oh
92%
said
92%
that
92%
to
92%
Well
92%
believe
88%
But
88%
but
88%
conceited
88%
forgot
88%
get
88%
it
88%
matter
88%
me
88%
name
88%
regret
88%
say
88%
tell
88%
won't
88%
again?
83%
And
83%
and
83%
come
83%
does
83%
just
83%
Now
83%
were
83%
we're
83%
wondering"
83%
glad
79%
in
79%
not
79%
see
79%
shoes
79%
simple
79%
through
79%
way
79%
What
79%
with
79%
cliche
75%
difference
75%
got
75%
might
75%
my
75%
Philosophy
75%
She
75%
such
75%
thought
75%
yourself
75%
about
71%
bored
71%
call
71%
either
71%
health
71%
it's
71%
It's
71%
mental
71%
much
71%
playing
71%
protect
71%
skin
71%
straight
71%
there's
71%
all
67%
"I've
67%
left
67%
move
67%
problem
67%
things
67%
wannabe
67%
junkie
63%
reciprocation
63%
tunes
63%
Socratic
58%
prophetic
50%
sycophantic
46%
Epicurian
42%

Score Distribution

Percentile by Number Answered

Percent of People with Each Score

Your Score History

You have not taken this quiz